000 00451nam a2200157Ia 4500
003 GCL
008 140319s9999 xx 000 0 ara d
040 _aGCL /
_cGCL
082 0 4 _a371.3
_bص ت
100 1 _aصالح عبدالعزيز
245 1 0 _aالتربية وطرق التدريس /
_cصالح عبدالعزيز
490 _aفى طرق التدريس
_v0
650 0 4 _aطرق التدريس
650 0 4 _aالتربية
942 _2ddc
_cBK
999 _c51086
_d51086